LEADER 01267nam0 2200301 450 001 000044200 005 20180222153346.0 010 $a88-205-0023-X 100 $a20180222d1986----km-y0itaa50------ba 101 0 $aita 102 $aIT 200 1 $aDizionario di scienze occulte$epiccola enciclopedia di opere e fatti concernenti la magia, l'astrologia, l'alchimia, la chiromanzia, la metoscopia, la fisiognonomica, la frenologia, l'oneiromanzia, la necromanzia, la cabala, la demonologiaq, lo spiritismo e la teosofia$fArmando Pappalardo 205 $a2. ed. riveduta e corretta 210 $aMilano$cHoepli$d1986 215 $aVII, 365 p.$d15 cm 225 2 $aManuali Hoepli$v4 300 $aIn copertina: Reprint antichi manuali Hoepli 324 $aRistampa anastatica dell'ed.: Hoepli, 1922 410 0$12001$aManuali Hoepli$v4 700 1$aPappalardo,$bArmando$0252124 801 0$aIT$bUniversità della Basilicata - B.I.A.$gREICAT$2unimarc 912 $a000044200 996 $aDizionario di scienze occulte$9202714 997 $aUNIBAS BAS $aLETTERE CAT $aMDL$b30$c20180222$lBAS01$h1533 FMT Z30 -1$lBAS01$LBAS01$mBOOK$1BASA1$APolo Storico-Umanistico$2GEN$BCollezione generale$657309$5L57309$820180222$f04$FPrestabile Didattica LEADER 01142nam 2200361 450 001 9910132579703321 005 20240206155750.0 010 $a1-4123-6586-4 035 $a(CKB)3680000000165760 035 $a(NjHacI)993680000000165760 035 $a(EXLCZ)993680000000165760 100 $a20240206d2008 uy 0 101 0 $afre 135 $aur||||||||||| 181 $ctxt$2rdacontent 182 $cc$2rdamedia 183 $acr$2rdacarrier 200 13$aLa notion d'acculturation entre l'anthropologie et l'historiographie /$fMichel Grenon 210 1$aChicoutimi :$cJ.-M. Tremblay,$d2008. 215 $a1 online resource 225 1 $aClassiques des sciences sociales ;$v3510 327 $aLa table des matie?res de l'article; Introduction. 410 0$aClassiques des sciences sociales ;$v3510. 606 $aacculturation 615 0$aacculturation. 676 $a303.482 700 $aGrenon$b Michel$013520 801 0$bNjHacI 801 1$bNjHacl 906 $aBOOK 912 $a9910132579703321 996 $aLa notion d'acculturation entre l'anthropologie et l'historiographie$92199012 997 $aUNINA LEADER 02788nam 2200649Ia 450 001 9910961792303321 005 20200520144314.0 010 $a9786611892555 010 $a9781281892553 010 $a1281892556 010 $a9781846428456 010 $a1846428459 035 $a(CKB)1000000000549986 035 $a(EBL)366688 035 $a(OCoLC)437234327 035 $a(SSID)ssj0000290607 035 $a(PQKBManifestationID)11232731 035 $a(PQKBTitleCode)TC0000290607 035 $a(PQKBWorkID)10410524 035 $a(PQKB)10010887 035 $a(MiAaPQ)EBC366688 035 $a(Au-PeEL)EBL366688 035 $a(CaPaEBR)ebr10257016 035 $a(CaONFJC)MIL189255 035 $a(Perlego)951605 035 $a(EXLCZ)991000000000549986 100 $a20080404d2009 uy 0 101 0 $aeng 135 $aur|n|---||||| 181 $ctxt 182 $cc 183 $acr 200 00$aBulimics on bulimia /$fEdited by Maria Stavrou 205 $a1st ed. 210 $aLondon ;$aPhiladelphia $cJessica Kingsley$d2009 215 $a1 online resource (162 p.) 300 $aDescription based upon print version of record. 311 08$a9781843106685 311 08$a184310668X 327 $aBulimics on Bulimia; Contents; ACKNOWLEDGEMENTS; Introduction; 1. Binging and Purging to Stay Alive; 2. There Goes Alice Down the Hole; 3. Living with Diabulimia; 4. Surrounded by People but Completely Alone; 5. Running Away but Going Nowhere; 6. A Love of Athletics; 7. Recovery or What Passes for Normal; 8. High-functioning Superwoman; 9. The Hardest partis Wanting to Recover; 10. Diagnostic Labels and Sexual Abuse; 11. College plus Eating Disorder Equals...; 12. Not Good Enough; 13. An Addictive Personality, Food and Alcohol; 14. Confession to My Roommate, A Day in My Life 327 $a15. Becoming Bankrupt and Losing Everything I Had16. I Want to Be Like You; 17. Sex, Lies and Hedonism; 18. The Lesbian Bulimic Mafia; 19. Diets Don't Work, Bulimia Does; FURTHER READING 330 $aThe book looks at people who are living with the disorder, shedding new light on the day-to-day struggle of coping with bulimia. It challenges the stereotypical image of the bulimic teenage girl, revealing that it affects a far wider range of people, and dispelling the myth that bingeing involves only food and purging involves only vomiting. 606 $aBulimia 606 $aEating disorders 615 0$aBulimia. 615 0$aEating disorders. 676 $a362.25 676 $a616.85 676 $a616.85263 701 $aStavrou$b Maria$01813930 801 0$bMiAaPQ 801 1$bMiAaPQ 801 2$bMiAaPQ 906 $aBOOK 912 $a9910961792303321 996 $aBulimics on bulimia$94367453 997 $aUNINA